000 00302nam a2200121Ia 4500
008 220120s9999||||xx |||||||||||||| ||und||
082 _a624 RAJ
100 _aRaju, Krishna, N
245 0 _aStrenth of meterials
260 _bPune
_c2002
300 _a325p.
_b0
650 _aINFORMATION THEORY AND CODING
999 _c136227
_d136227